000 00909nam a2200229 a 4500
001 000039431
005 20201002031639.0
008 130627s1962 ag 000 0 spa d
040 _aDO-SdBNP
_bspa
_cBNPHU
082 _axxxx
_bL987a
100 1 _aLynch, John
_965630
240 1 0 _aSpanish colonial administraction 1782-1810.
_lEspañol
245 1 0 _aAdministración colonial española 1782-1810 :
_bel sistema de intendencias en el virreinato del rio de la plata /
_cJohn Lynch ; traductor Germán O. E. Tjares.
260 _aArgentina :
_bEditorial Universitaria de Buenos Aires,
_c1962.
300 _a311 p. ;
_c24 cm.
500 _aIncluye índice de nombres
500 _aIncluye notas
500 _aPerteneció a la biblioteca personal de Juan Isidro Jimenes Grullón.
504 _aBibliografía : p. 295-296
590 _aInventariado, 2019 /LP
700 1 _aTjares, Germán O. E.,
_etrad.
_965631
999 _c38921
_d38921